| 000 | 01472nam a2200349 c 4500 | ||
|---|---|---|---|
| 003 | BLK | ||
| 005 | 20180422100045.0 | ||
| 008 | 180407b bul|||||r ||||||| ||bul|| | ||
| 010 | _aKNG00034608000 | ||
| 020 |
_a954-07-1495-8 _bиздат.: Контекст |
||
| 040 | _aBLK | ||
| 041 |
_aBUL _cBUL |
||
| 080 |
_aСоциално поведение. Социална психология _b316.6 _x _z316.6 |
||
| 080 |
_aИндивидуална психология. Психология на личността. Индивидуалност. Психология на характера. Характерология. Психологическа типология _b159.923 _x _z159.923 |
||
| 100 | 1 |
_aСмодермон, Рон _eпърви автор _9121767 |
|
| 700 | 1 |
_aТодоров, Иван _eпрев. от англ. _gИванов, Иван Тодоров _9365065 |
|
| 139 |
_aСмодермон, Рон _bС 47 |
||
| 245 | 1 | 0 |
_aПросветление _cРон Смодермон; прев. от англ. Иван Тодоров. |
| 257 | _aBGR | ||
| 260 |
_аСофия _bКонтекст _c2000 |
||
| 300 |
_a232 с. _c21 см |
||
| 380 | _a1 | ||
| 650 | 4 |
_aЛичност - психология _9243160 |
|
| 650 | 4 |
_aПоведение _9166567 |
|
| 653 | _aпсихология на личността | ||
| 653 | _aповедение | ||
| 852 | _aЦб 206855 | ||
| 856 | 4 |
_qpdf _u |
|
| 856 | 4 |
_qpdf _u |
|
| 942 |
_cKNG _n0 |
||
| 944 |
_aCR _c15.01.2003 _kAB_DOS |
||
| 944 |
_aED _c15.01.2003 _k |
||
| 999 |
_c31940 _d31940 |
||